Visualizzazione normale
Vista MARC
- Bella Marcella
di Personal Name
Records bibliografici associati: 1
001 - CONTROL NUMBER
- control field: 17057
003 - CONTROL NUMBER IDENTIFIER
- control field: IT-RoPau
005 - DATE AND TIME OF LATEST TRANSACTION
- control field: 20140322221521.0
008 - FIXED-LENGTH DATA ELEMENTS
- fixed length control field: 140322|| aca||aabn | a|a d
040 ## - CATALOGING SOURCE
- Original cataloging agency: IT-RoPau
- Transcribing agency: IT-RoPau
100 ## - HEADING--PERSONAL NAME
- Personal name: Bella Marcella
- Dates associated with a name: Codice autore musica SPICS: 11561
- Relator term: Autore musica
- Name of part/section of a work: Nell'aria
670 ## - SOURCE DATA FOUND
- Source citation: Work cat.: (IT-RoPau)99422: AA.VV. 794, Saint Vincent '83